The watersiders.

Guardat en:
Dades bibliogràfiques
Autor principal: Davis, Michael, b.1931-
Format: Llibre
Idioma:English
Publicat: Wellington : Reed, 1964.
LEADER 00670nam a2200193 a 4500
001 c000084927
003 CARM
005 19920116000000.0
008 910719s1964 nz 000 eng S
019 1 |a 8779492  |z 24340081  |5 LACONCORD2021 
035 |a (OCoLC)13426747  |5 LACONCORD2021 
040 |a SFU  |b eng  |c SFU 
100 1 |a Davis, Michael,  |d b.1931- 
245 0 4 |a The watersiders. 
260 |a Wellington :  |b Reed,  |c 1964. 
300 |a 174p. 
852 8 |b CARM  |h A2:AG35A0  |i B02799  |p 0111116  |f BK 
999 f f |i 2f251e0d-44fd-57f5-9a35-0bce4ec8fafa  |s 6edd07cc-9b84-5ede-843d-f840d7c24571 
952 f f |p Can circulate  |a CAVAL  |b CAVAL  |c CAVAL  |d CARM 1 Store  |e B02799  |f A2:AG35A0  |h Other scheme  |i book  |m 0111116